Prešov Kalvária : pohľad na mesto z juhovýchodu : Exercičný dom spoločnosti Ježišovej (pod Kalváriou) : Františkánsky kostol : pohľady na centrum mesta s farským kostolom sv. Mikuláša a evanielickým a. v. chrámom sv. Trojice : Gréckokatolícky katedrálny chrám sv. Jána Krstiteľa

Zobrazenie: V bielom orámovaní pohľady na obec a kultúrne pamiatky z výšky, v spodnej časti na zelenom podklade v červenom orámovaní nápis "Prešov" s erbom mesta

Bibliographic Details
Other Authors: Sárossy, P. (fotograf) (Photographer)
Format: Photo
Language:Slovak
PhysicalDescription:1 pohľadnica (7 čiastkových pohľadov) farebná 15 x 11 cm
Published: V. Šariš P. Sárossy [1998?]
Subjects:

MARC

LEADER 00000ckm a2200000 a 4500
001 vtls001335541
003 SK-MaSNL
005 20260331203303.0
007 kf co
008 231120q1998 xo g 0kuslo
015 |a SNBG1999/02-01001 
035 |a SNK000288513 
035 |a urn:nbn:sk:snk-km3luv2 
035 |a B98949A1-D6CF-4432-8069-7E04DFFF0D8D 
035 |a urn:nbn:sk:snk-km00dt4g 
040 |a SNK  |b slo  |c SNK  |e AACR2 
041 0 |a slo 
043 |a e-xo--- 
044 |a xo  |c SK 
072 7 |a 913  |x Regionálna geografia  |2 konspekt 
080 |a 913(437.6)  |2 2011 
080 |a (084.121)  |2 2011 
080 |a 908.437.676(084.121)  |2 1981 
080 |a 726.95  |2 2011 
080 |a 726:27-523.42  |2 2011 
080 |a 726:2-523.4  |2 2011 
100 1 |a Sárossy, P.  |c (fotograf)  |4 pht  |9 288613 
245 1 0 |a Prešov  |h grafika  |b Kalvária : pohľad na mesto z juhovýchodu : Exercičný dom spoločnosti Ježišovej (pod Kalváriou) : Františkánsky kostol : pohľady na centrum mesta s farským kostolom sv. Mikuláša a evanielickým a. v. chrámom sv. Trojice : Gréckokatolícky katedrálny chrám sv. Jána Krstiteľa  |c foto: P. Sárossy 
246 1 |i Názov na obrazovej časti:  |a Prešov 
260 |a V. Šariš  |b P. Sárossy  |c [1998?]  |e Prešov  |f Grafotlač 
300 |a 1 pohľadnica (7 čiastkových pohľadov)  |b farebná  |c 15 x 11 cm 
500 |a Rok vydania určený na základe prírastkového čísla 
500 |a Na adresnej časti uvedené: "© Foto: P. Sárossy" 
500 |a Na adresnej časti pohľadnice uvedené: Litografie: OPAL, s.r.o, Prešov 
500 |a Na adresnej časti pohľadnice uvedené: Prvá písomná zmienka o obci je z r. 1247 
520 8 |a Zobrazenie: V bielom orámovaní pohľady na obec a kultúrne pamiatky z výšky, v spodnej časti na zelenom podklade v červenom orámovaní nápis "Prešov" s erbom mesta 
610 2 7 |a Exercičný dom sv. Ignáca (Prešov, Slovensko)  |2 SNKKA  |9 52460 
610 2 7 |a Kalvária (Prešov, Slovensko)  |2 SNKKA  |9 57404 
650 0 7 |a kalvárie  |2 SNKPH  |9 3025 
650 0 7 |a kostoly  |2 SNKPH  |9 3023 
650 0 7 |a chrámy  |2 SNKPH  |9 3027 
651 7 |a Prešov (Slovensko)  |2 SNKPHgeo  |9 17347 
655 7 |a miestne pohľadnice  |2 SNKPH  |9 70510 
752 |a Slovensko  |d Veľký Šariš 
852 |a Slovenská národná knižnica 
954 |a pohľadnice pôvodné (slovenské)  |2 lita 
958 |a GBN 
958 |a OND 
958 |a GC 
958 |a EUIPO 
999 |c 1061981  |d 1063911 
952 |t P60, <03>, [BOOK], {603}  |a SNK  |b SNK  |y PREZ  |7 0  |p 17A1295654  |o snkSP 148570  |i snkPV 668/98  |0 0  |1 0  |4 0  |d 1998-06-26  |f 1  |l 0  |r 2005-01-02 00:00:00  |w 2026-02-24 
952 |t P60, <04>, [BOOK], {604}  |a SNK  |b SNK  |y PREZ  |7 0  |p 17A1295653  |o snkSP 148570 D1  |i snkPV 669/98  |0 0  |1 0  |4 0  |d 1998-06-26  |l 0  |r 2005-01-02 00:00:00  |w 2026-02-24